<?xml version="1.0" encoding="UTF-8"?><?xml-stylesheet type="text/xsl" href="static/style.xsl"?><OAI-PMH xmlns="http://www.openarchives.org/OAI/2.0/" xmlns:xsi="http://www.w3.org/2001/XMLSchema-instance" xsi:schemaLocation="http://www.openarchives.org/OAI/2.0/ http://www.openarchives.org/OAI/2.0/OAI-PMH.xsd"><responseDate>2026-05-15T23:36:30Z</responseDate><request verb="GetRecord" identifier="oai:riubu.ubu.es:10259/11616" metadataPrefix="marc">https://riubu.ubu.es/oai/request</request><GetRecord><record><header><identifier>oai:riubu.ubu.es:10259/11616</identifier><datestamp>2026-05-14T06:35:15Z</datestamp><setSpec>com_10259_4707</setSpec><setSpec>com_10259_5086</setSpec><setSpec>com_10259_2604</setSpec><setSpec>com_10259_9737</setSpec><setSpec>col_10259_4708</setSpec><setSpec>col_10259_10448</setSpec></header><metadata><record xmlns="http://www.loc.gov/MARC21/slim" xmlns:doc="http://www.lyncode.com/xoai" xmlns:xsi="http://www.w3.org/2001/XMLSchema-instance" xmlns:dcterms="http://purl.org/dc/terms/" xsi:schemaLocation="http://www.loc.gov/MARC21/slim http://www.loc.gov/standards/marcxml/schema/MARC21slim.xsd">
<leader>00925njm 22002777a 4500</leader>
<datafield tag="042" ind1=" " ind2=" ">
<subfield code="a">dc</subfield>
</datafield>
<datafield tag="720" ind1=" " ind2=" ">
<subfield code="a">Samadi, Khaoula</subfield>
<subfield code="e">author</subfield>
</datafield>
<datafield tag="720" ind1=" " ind2=" ">
<subfield code="a">Lifi, Mohamed</subfield>
<subfield code="e">author</subfield>
</datafield>
<datafield tag="720" ind1=" " ind2=" ">
<subfield code="a">Briones Llorente, Raúl</subfield>
<subfield code="e">author</subfield>
</datafield>
<datafield tag="720" ind1=" " ind2=" ">
<subfield code="a">Aguilar Romero, Fernando</subfield>
<subfield code="e">author</subfield>
</datafield>
<datafield tag="720" ind1=" " ind2=" ">
<subfield code="a">M’hamdi Alaoui, Fatima Ezzahrae</subfield>
<subfield code="e">author</subfield>
</datafield>
<datafield tag="260" ind1=" " ind2=" ">
<subfield code="c">2026-03</subfield>
</datafield>
<datafield tag="520" ind1=" " ind2=" ">
<subfield code="a">The increasing demand for cleaner energy carriers has intensified interest in liquid fuel blends containing oxygenated compounds such as alcohols and glycol ethers. These additives improve combustion efficiency and reduce environmental impact. In this work, excess molar enthalpies were determined for a binary mixtures (ethanol + 1-propanol; diethylene glycol monoethyl ether + 1-propanol; and ethylene glycol monophenyl ether + ethanol) as well as for four ternary mixtures: diethylene glycol monomethyl ether (1) + 1-propanol (2) + ethanol (3), diethylene glycol monoethyl ether (1) + 1-propanol (2) + ethanol (3), ethylene glycol monomethyl ether (1) + 1-propanol (2) + ethanol (3), and ethylene glycol monophenyl ether (1) + 1-propanol (2) + ethanol (3). Measurements were obtained with a quasi-isothermal flow calorimeter at 298.15 K and 313.15 K under 0.1 MPa, conditions representative of typical industrial applications. The experimental data were then correlated using the Redlich–Kister equation for the binary system and the NRTL, UNIQUAC, and modified UNIFAC (Dortmund) models for the ternary systems, enabling evaluation of both mixture behavior and model accuracy. The findings expand the thermodynamic database for alcohol- and glycol ether-based blends and provide benchmarks for simulation and design in energy and petrochemical processes.</subfield>
</datafield>
<datafield tag="024" ind2=" " ind1="8">
<subfield code="a">1388-6150</subfield>
</datafield>
<datafield tag="024" ind2=" " ind1="8">
<subfield code="a">https://hdl.handle.net/10259/11616</subfield>
</datafield>
<datafield tag="024" ind2=" " ind1="8">
<subfield code="a">10.1007/s10973-026-15354-1</subfield>
</datafield>
<datafield tag="024" ind2=" " ind1="8">
<subfield code="a">1588-2926</subfield>
</datafield>
<datafield ind1=" " ind2=" " tag="653">
<subfield code="a">Excess molar enthalpy</subfield>
</datafield>
<datafield ind1=" " ind2=" " tag="653">
<subfield code="a">Ternary mixtures</subfield>
</datafield>
<datafield ind1=" " ind2=" " tag="653">
<subfield code="a">Oxygenated additives ·</subfield>
</datafield>
<datafield ind1=" " ind2=" " tag="653">
<subfield code="a">Redlich–Kister correlation</subfield>
</datafield>
<datafield ind1=" " ind2=" " tag="653">
<subfield code="a">Local composition Models</subfield>
</datafield>
<datafield tag="245" ind1="0" ind2="0">
<subfield code="a">Experimental and modeling insights into excess molar enthalpy of alcohol–additive ternary mixtures at 298.15 and 313.15 K</subfield>
</datafield>
</record></metadata></record></GetRecord></OAI-PMH>